Central Library OPAC University of Rajshahi
Normal view MARC view

Entry Personal Name

Number of records used in: 2

001 - CONTROL NUMBER

  • control field: 10155

003 - CONTROL NUMBER IDENTIFIER

  • control field: BD-RjUL

005 - DATE AND TIME OF LATEST TRANSACTION

  • control field: 20231123104945.0

008 - FIXED-LENGTH DATA ELEMENTS

  • fixed length control field: 231123|| aca||aabn | a|a d

040 ## - CATALOGING SOURCE

  • Original cataloging agency: BD-RjUL
  • Transcribing agency: BD-RjUL

100 ## - HEADING--PERSONAL NAME

  • Personal name: Haque, Mohd. Mainul, Principal Supervisor

670 ## - SOURCE DATA FOUND

  • Source citation: Work cat.: (BD-RjUL)82333: HASSAN, MD. MOHIBUL 10153, COMPARATIVE STUDY OF SURGICAL SITE INFECTION AMONG RECIPIENTS OF SHORT-TERM PROPHYLACTIC AND TRADITIONAL LONG-TERM ANTIBIOTIC THERAPY IN ELECTIVE SURGERY /, 2016